Polscy hetmani - Statystyki

Ogólne statystyki
  • Ten quiz został rozwiązany 237 razy
  • Średni wynik to 5 z 9
Statystyki odpowiedzi
Hint Odpowiedź % Poprawnych
1547-1620 Stanislaw Zolkiewski
85%
1629-1696 Jan Sobieski
75%
1561-1621 Jan Karol Chodkiewicz
70%
1599-1665 Stefan Czarniecki
53%
1542-1605 Jan Zamoyski
49%
1591-1646 Stanislaw Koniecpolski
46%
1595-1651 Mikolaj Potocki
42%
1598-1667 Stanislaw Potocki
42%
1751-1805 Feliks Szczesny Potocki
40%
Nie znaleziono quizów pasujących do podanych kryteriów
Rozkład punktacji
Procent ludzi z każdym wynikiem
Percentyl według liczby udzielonych odpowiedzi
Twoja historia wyników
Nie rozwiązałeś tego quizu